|
000
|
00999nam 2200265 450
|
|
001
|
012021000345
|
|
005
|
20210316172634.6
|
|
010
|
|
@a978-7-109-26026-9@dCNY78.00
|
|
100
|
|
@a20200827d2020 em y0chiy50 ea
|
|
101
|
0
|
@achi
|
|
102
|
|
@aCN@b110000
|
|
105
|
|
@aak z 000yy
|
|
106
|
|
@ar
|
|
200
|
1
|
@a安茶史话@Aan cha shi hua@f郑建新著
|
|
210
|
|
@a北京@c中国农业出版社@d2020.8
|
|
215
|
|
@a178页@c彩图@d25cm
|
|
225
|
2
|
@a中国茶文化丛书@Azhong guo cha wen hua cong shu
|
|
314
|
|
@a郑建新, 安徽祁门人, 中国国际茶文化研究会徽州茶研究中心秘书长、安徽省茶文化研究会副会长, 安徽省徽学会理事。
|
|
330
|
|
@a本书共8章, 内容包括: 纷繁多说的茶名; 跌宕起伏的春秋; 独一无二的古法; 亦真亦幻的市场; 票会影视竞风流; 茶人老号风姿绰约; 颇为奇特的功效; 泡解方法及示范。
|
|
410
|
0
|
@12001 @a中国茶文化丛书
|
|
606
|
0
|
@a茶叶@Acha ye@x介绍@y祁门县
|
|
690
|
|
@aTS27@v5
|
|
701
|
0
|
@a郑建新@Azheng jian xin@4著
|
|
801
|
0
|
@aCN@bCDNYKJZYXY@c20210316
|
|
905
|
|
@aCDNYKJZYXY@b300610775-7@dTS27@e131@f3
|
|
|
|
|
| |
| 安茶史话/郑建新著.-北京:中国农业出版社,2020.8 |
| 178页:彩图;25cm.-(中国茶文化丛书) |
| |
| |
| ISBN 978-7-109-26026-9:CNY78.00 |
| 本书共8章, 内容包括: 纷繁多说的茶名; 跌宕起伏的春秋; 独一无二的古法; 亦真亦幻的市场; 票会影视竞风流; 茶人老号风姿绰约; 颇为奇特的功效; 泡解方法及示范。 |
| ● |
正题名:安茶史话
索取号:TS27/131
 
预约/预借
| 序号
|
登录号
|
条形码
|
馆藏地/架位号
|
状态
|
备注
|
|
1
|
610775
|
300610775
|
柳城-4楼/66架8列5层/
[索取号:TS27/131]
|
在馆
|
|
|
2
|
610776
|
300610776
|
柳城-4楼/66架8列5层/
[索取号:TS27/131]
|
在馆
|
|
|
3
|
610777
|
300610777
|
柳城-4楼/66架8列5层/
[索取号:TS27/131]
|
在馆
|
|